000 01078nam a22002417a 4500
005 20170923020002.0
008 130220s2011 ck ab gr 00010 spa d
041 0 _aspa
044 _ack
082 0 4 _a639.27
_bL17c2
100 1 _aLasso, Carlos A.
_9242
245 1 0 _aCatálogo de los recursos pesqueros continentales de Colombia :
_bmemoria técnica y explicativa, resumen ejecutivo /
_cCarlos A. Lasso, Mónica A. Morales-Betancourt.
260 _aBogotá :
_bMinisterio de Ambiente, Vivienda y Desarrollo Territorial :
_bInstituto de Investigación de Recursos Biológicos Alexander von Humboldt,
_c2011.
300 _a117 p. :
_bil. ;
_c24 cm.
490 0 _aSerie recursos hidrobiológicos y pesqueros continentales de Colombia
504 _aIncluye bibliografía.
650 4 _aRecursos pesqueros
_z Colombia
_vMemorias
_925068
650 4 _aRecursos acuáticos
_z Colombia
_vMemorias
_925069
650 4 _aPesca exploratoria
_x Investigaciones
_z Colombia.
_925070
700 1 _aMorales-Betancourt, Mónica A.
_9246
942 _2ddc
_cLIBRO
_04
949 _a
999 _c8562
_d8562